[Event "Catalunya-chT Gp1 Title"]
[Site "Barcelona"]
[Date "2025.03.08"]
[Round "3.9"]
[White "Travesset Ribera, Daniel"]
[Black "Juan Bartroli, Marc"]
[Result "0-1"]
[WhiteElo "2102"]
[BlackElo "2135"]
[PlyCount "102"]
[EventDate "2025.02.22"]
[EventType "team-k.o."]
[EventRounds "4"]
[EventCountry "ESP"]
[SourceTitle "CB14_2025"]
[SourceDate "2024.11.01"]
[SourceVersion "1"]
[SourceVersionDate "2024.11.01"]
[SourceQuality "1"]
[WhiteTeam "Sant Andreu"]
[BlackTeam "Platja D'Aro"]
[WhiteTeamCountry "ESP"]
[BlackTeamCountry "ESP"]

1. Nf3 d5 2. d4 Nf6 3. c4 c6 4. g3 e6 5. Bg2 Nbd7 6. Qc2 Bd6 7. 0-0 0-0 8. Bf4 Bxf4 9. gxf4 Ne4 10. Nc3 f5 11. b4 Nd6 12. c5 Nc4 13. a4 Nf6 14. Nd2 Nxd2 15. Qxd2 Bd7 16. Qd3 a6 17. Ra3 Nh5 18. Qf3 Be8 19. Kh1 Rf6 20. e3 Rh6 21. Rg1 Kh8 22. Bf1 Qh4 23. Ra2 Bf7 24. Rg5 Nf6 25. Qg3 Ng4 26. Nd1 Qxh2+ 27. Qxh2 Rxh2+ 28. Kg1 Rh4 29. f3 h6 30. fxg4 hxg5 31. gxf5 gxf4 32. fxe6 Bxe6 33. exf4 Rf8 34. Ne3 Rfxf4 35. Ng2 Rhg4 36. Be2 Rg5 37. Ra3 Kg8 38. Re3 Re4 39. Rxe4 dxe4 40. Kf2 Kf7 41. Nf4 Bd5 42. b5 axb5 43. axb5 Kf6 44. b6 Be6 45. Nh5+ Ke7 46. Nf4 Rf5 47. Ke3 Bd5 48. Ba6 g5 49. Nxd5+ cxd5 50. c6 Rf3+ 51. Ke2 bxc6 0-1

[Event "Catalunya-chT Gp1 Final"]
[Site "Barcelona"]
[Date "2024.03.16"]
[Round "2.8"]
[White "Juan Bartroli, Marc"]
[Black "Martinez Ramirez, Erik"]
[Result "1-0"]
[WhiteElo "2130"]
[BlackElo "2248"]
[PlyCount "79"]
[EventDate "2024.03.09"]
[EventType "team-k.o."]
[EventRounds "3"]
[EventCountry "ESP"]
[SourceTitle "CBM 220 Extra"]
[Source "ChessBase"]
[SourceDate "2024.07.31"]
[SourceVersion "1"]
[SourceVersionDate "2024.07.31"]
[SourceQuality "1"]
[WhiteTeam "Platja D'Aro"]
[BlackTeam "Barbera"]
[WhiteTeamCountry "ESP"]
[BlackTeamCountry "ESP"]

1. Nf3 Nf6 2. b3 g6 3. Bb2 Bg7 4. g3 c5 5. c4 0-0 6. Bg2 Nc6 7. 0-0 d5 8. cxd5 Nxd5 9. Bxg7 Kxg7 10. d4 cxd4 11. Nxd4 Ndb4 12. Nxc6 Nxc6 13. Qc1 Bg4 14. Rd1 Nd4 15. Qb2 e5 16. Nc3 Rc8 17. Rd2 Qa5 18. b4 Qc7 19. Nd5 Qd6 20. Rxd4 exd4 21. Qxd4+ f6 22. Qxg4 Rc2 23. Rd1 Rd8 24. Bf3 Rxa2 25. Ne3 Rd2 26. Nf5+ Kh8 27. Nxd6 Rxd1+ 28. Kg2 R1xd6 29. Bxb7 Rb6 30. Bf3 Rdb8 31. Qd4 a6 32. e4 Kg7 33. e5 fxe5 34. Qxe5+ Kh6 35. h4 Rb5 36. Qe3+ Kg7 37. h5 Kf6 38. Qf4+ Ke7 39. Qc7+ Kf6 40. h6 1-0

[Event "Catalunya-chT Gp2"]
[Site "Barcelona"]
[Date "2024.02.03"]
[Round "3.6"]
[White "Juan Bartroli, Marc"]
[Black "Delisau Gil, Oriol"]
[Result "1/2-1/2"]
[WhiteElo "2140"]
[BlackElo "2212"]
[PlyCount "63"]
[EventDate "2024.01.20"]
[EventType "team-tourn"]
[EventRounds "7"]
[EventCountry "ESP"]
[SourceTitle "CBM 219 Extra"]
[Source "ChessBase"]
[SourceDate "2024.05.31"]
[SourceVersion "1"]
[SourceVersionDate "2024.05.31"]
[SourceQuality "1"]
[WhiteTeam "Platja D'Aro"]
[BlackTeam "Sant Andreu"]
[WhiteTeamCountry "ESP"]
[BlackTeamCountry "ESP"]

1. Nf3 Nf6 2. b3 g6 3. Bb2 Bg7 4. g3 0-0 5. Bg2 c5 6. c4 d6 7. d4 Nc6 8. d5 Na5 9. 0-0 a6 10. Nc3 Rb8 11. a4 Bd7 12. Nd2 b5 13. axb5 axb5 14. cxb5 Bxb5 15. Ra3 Bh6 16. Qc2 Bxd2 17. Qxd2 Bd7 18. Qh6 Ng4 19. Qh4 Nxb3 20. Ne4 f6 21. Bh3 Ne5 22. Bxe5 dxe5 23. Ra7 Bxh3 24. Qxh3 Qc8 25. Qxc8 Rbxc8 26. Rxe7 Nd4 27. Ra1 Nf5 28. Rd7 c4 29. g4 Nh6 30. Nd6 Rfd8 31. Rxd8+ Rxd8 32. Nxc4 1/2-1/2

[Event "Catalunya-chT Gp1 Final"]
[Site "Barcelona"]
[Date "2023.03.18"]
[Round "1.7"]
[White "Chueca Forcen, Alberto"]
[Black "Juan Bartroli, Marc"]
[Result "1-0"]
[WhiteElo "2359"]
[BlackElo "2133"]
[PlyCount "41"]
[EventDate "2023.03.18"]
[EventType "team-k.o."]
[EventRounds "3"]
[EventCountry "ESP"]
[SourceTitle "EXT 2024"]
[Source "ChessBase"]
[SourceDate "2023.10.10"]
[SourceVersion "1"]
[SourceVersionDate "2023.10.10"]
[SourceQuality "1"]
[WhiteTeam "Valls"]
[BlackTeam "Platja D'Aro"]
[WhiteTeamCountry "ESP"]
[BlackTeamCountry "ESP"]

1. c4 c6 2. e4 d5 3. exd5 cxd5 4. cxd5 Nf6 5. Nc3 Nxd5 6. Nf3 Nc6 7. Bb5 e6 8. d4 Be7 9. 0-0 0-0 10. Re1 Nxc3 11. bxc3 Qa5 12. Qd3 Rd8 13. Bg5 Qc7 14. Qe4 Rd5 15. Bd3 f5 16. Qe3 b5 17. c4 Bxg5 18. Nxg5 Rd6 19. Bxf5 Nxd4 20. Bxh7+ Kh8 21. Be4 1-0

[Event "Catalunya-chT Gp2"]
[Site "Barcelona"]
[Date "2023.03.04"]
[Round "7.7"]
[White "Valencia Jimenez, Jose"]
[Black "Juan Bartroli, Marc"]
[Result "0-1"]
[WhiteElo "2023"]
[BlackElo "2102"]
[PlyCount "70"]
[EventDate "2023.01.21"]
[EventType "team-tourn"]
[EventRounds "7"]
[EventCountry "ESP"]
[SourceTitle "CBM 213 Extra"]
[Source "ChessBase"]
[SourceDate "2023.05.31"]
[SourceVersion "1"]
[SourceVersionDate "2023.05.31"]
[SourceQuality "1"]
[WhiteTeam "Cerdanyola Valles"]
[BlackTeam "Platja D'Aro"]
[WhiteTeamCountry "ESP"]
[BlackTeamCountry "ESP"]

1. Nf3 d5 2. b3 c5 3. Bb2 Nc6 4. e3 Nf6 5. d4 Bg4 6. Nbd2 cxd4 7. exd4 e6 8. a3 Rc8 9. Bd3 Bd6 10. 0-0 0-0 11. h3 Bh5 12. g4 Bg6 13. Bxg6 hxg6 14. Ne5 Qb6 15. g5 Bxe5 16. dxe5 Ne4 17. Nf3 Rfd8 18. Kg2 a5 19. Qe2 a4 20. b4 Ne7 21. h4 Nf5 22. Rh1 Qxf2+ 23. Qxf2 Nxf2 24. Rhc1 Ne4 25. Bd4 Rc4 26. c3 Rdc8 27. Rab1 Nxd4 28. Nxd4 Rxc3 29. Rxc3 Rxc3 30. Nb5 Rc2+ 31. Kf3 Nc3 32. Nd4 Rd2 33. Rc1 Rd3+ 34. Kg2 Rxd4 35. Rxc3 Rc4 0-1

[Event "Catalunya-chT Gp2"]
[Site "Barcelona"]
[Date "2023.01.28"]
[Round "2.8"]
[White "Parra Dolz, Mario"]
[Black "Juan Bartroli, Marc"]
[Result "0-1"]
[WhiteElo "2117"]
[BlackElo "2102"]
[PlyCount "76"]
[EventDate "2023.01.21"]
[EventType "team-tourn"]
[EventRounds "7"]
[EventCountry "ESP"]
[SourceTitle "CBM 213 Extra"]
[Source "ChessBase"]
[SourceDate "2023.05.31"]
[SourceVersion "1"]
[SourceVersionDate "2023.05.31"]
[SourceQuality "1"]
[WhiteTeam "Mollet"]
[BlackTeam "Platja D'Aro"]
[WhiteTeamCountry "ESP"]
[BlackTeamCountry "ESP"]

1. e4 c6 2. Nf3 d5 3. e5 Bg4 4. h3 Bxf3 5. Qxf3 e6 6. d4 Qb6 7. c3 c5 8. dxc5 Bxc5 9. Nd2 Nc6 10. Qg3 Nge7 11. b4 Nf5 12. bxc5 Nxg3 13. cxb6 Nxh1 14. Bb5 axb6 15. Kf1 Ke7 16. Nf3 Rhc8 17. Kg1 Na7 18. Ba3+ Kd8 19. Ba4 Nxf2 20. Kxf2 Rxc3 21. Bb2 Rc7 22. Bd4 Nc6 23. Bb3 Nxd4 24. Nxd4 Rc5 25. Ke2 Ke7 26. Kd2 b5 27. Rf1 Rf8 28. g4 b4 29. Nc2 f6 30. Re1 fxe5 31. Rxe5 Rf2+ 32. Kd1 Kd6 33. Rh5 h6 34. Ne3 Rc3 35. Nf5+ exf5 36. gxf5 Rg3 37. Ke1 Rh2 38. Kf1 Rhxh3 0-1

[Event "Catalunya-chT Gp2"]
[Site "Barcelona"]
[Date "2022.03.05"]
[Round "7.8"]
[White "Juan Bartroli, Marc"]
[Black "Saldana Caballe, Jose Enrique"]
[Result "1-0"]
[WhiteElo "2069"]
[BlackElo "2039"]
[PlyCount "97"]
[EventDate "2022.01.22"]
[EventType "team-tourn"]
[EventRounds "9"]
[EventCountry "ESP"]
[SourceTitle "CBM 208 Extra"]
[Source "ChessBase"]
[SourceDate "2022.07.31"]
[SourceVersion "1"]
[SourceVersionDate "2022.07.31"]
[SourceQuality "1"]
[WhiteTeam "Platja D'Aro"]
[BlackTeam "Salauris"]
[WhiteTeamCountry "ESP"]
[BlackTeamCountry "ESP"]

1. Nf3 c5 2. b3 d6 3. Bb2 Nf6 4. g3 Nc6 5. d4 cxd4 6. Nxd4 e5 7. Nxc6 bxc6 8. Bg2 Qc7 9. c4 Be6 10. Nc3 Be7 11. Rc1 Rc8 12. 0-0 Qb8 13. Qd2 0-0 14. e4 Rfd8 15. h3 Nd7 16. f4 f6 17. Kh2 Nc5 18. Rfd1 Bf7 19. Bf3 Ne6 20. Ne2 Qb6 21. Kg2 Rb8 22. Bc3 Qb7 23. Ba5 Rd7 24. h4 c5 25. Bg4 h5 26. Bf3 Nd4 27. Nxd4 cxd4 28. Qe2 Bd8 29. Bxd8 Rdxd8 30. f5 Be8 31. Kh2 Rdc8 32. Rd3 a5 33. a4 Qf7 34. Rg1 Rb4 35. Qg2 Rcb8 36. Bd1 Bc6 37. g4 hxg4 38. Qxg4 R8b7 39. h5 Re7 40. Rdg3 Rbb7 41. h6 Kh7 42. hxg7 Kg8 43. Qh4 Qxg7 44. Qxf6 Bxe4 45. Rxg7+ Rxg7 46. Qd8+ Kh7 47. Qh4+ Kg8 48. Rxg7+ Rxg7 49. Qxe4 1-0

[Event "Catalunya-chT Gp2"]
[Site "Barcelona"]
[Date "2022.02.12"]
[Round "4.9"]
[White "Juan Bartroli, Marc"]
[Black "Garcia Acosta, Roger"]
[Result "1-0"]
[WhiteElo "2069"]
[BlackElo "2085"]
[PlyCount "59"]
[EventDate "2022.01.22"]
[EventType "team-tourn"]
[EventRounds "9"]
[EventCountry "ESP"]
[SourceTitle "CBM 208 Extra"]
[Source "ChessBase"]
[SourceDate "2022.07.31"]
[SourceVersion "1"]
[SourceVersionDate "2022.07.31"]
[SourceQuality "1"]
[WhiteTeam "Platja D'Aro"]
[BlackTeam "Cerdanyola Valles"]
[WhiteTeamCountry "ESP"]
[BlackTeamCountry "ESP"]

1. d4 d5 2. c4 e6 3. Nc3 Be7 4. cxd5 exd5 5. Bf4 Nf6 6. e3 c6 7. Bd3 Nbd7 8. h3 Qb6 9. Qc2 0-0 10. Nf3 Re8 11. 0-0 Nf8 12. Rab1 a5 13. a3 Be6 14. Rfc1 Qa7 15. b4 Rec8 16. Bh2 b6 17. Qb2 h6 18. Ne5 c5 19. Nb5 Qb7 20. bxc5 bxc5 21. dxc5 Rxc5 22. Nf3 Rac8 23. a4 N8d7 24. Nfd4 Qb6 25. Rd1 Ne4 26. Bxe4 dxe4 27. Qd2 Rd8 28. Nc7 Qa7 29. Ncxe6 fxe6 30. Nxe6 1-0

[Event "Barcelona IM Norm 2nd"]
[Site "Barcelona"]
[Date "2019.06.01"]
[Round "8.3"]
[White "Moravich Casais, Juan Santiago"]
[Black "Juan Bartroli, Marc"]
[Result "1-0"]
[WhiteElo "1993"]
[BlackElo "2078"]
[PlyCount "101"]
[EventDate "2019.04.06"]
[EventType "tourn"]
[EventRounds "9"]
[EventCountry "ESP"]
[SourceTitle "EXT 2024"]
[Source "ChessBase"]
[SourceDate "2023.10.10"]
[SourceVersion "1"]
[SourceVersionDate "2023.10.10"]
[SourceQuality "1"]

1. e4 c5 2. Nc3 Nc6 3. Bb5 g6 4. f4 Nd4 5. Nf3 Bg7 6. 0-0 a6 7. Bd3 d6 8. Nxd4 cxd4 9. Ne2 d5 10. e5 Bg4 11. b3 e6 12. Bb2 Ne7 13. Bxd4 Nc6 14. Bc3 Qb6+ 15. Kh1 Rc8 16. a3 d4 17. Bb2 f6 18. exf6 Bxf6 19. h3 Bf5 20. Rf3 Kf7 21. Ng3 Ne7 22. Qe2 Bxd3 23. Qxd3 Nf5 24. Ne4 Bg7 25. Ng5+ Ke7 26. Re1 Rc6 27. Rf2 h6 28. Ne4 h5 29. Rfe2 h4 30. Kh2 Qc7 31. c4 Qxf4+ 32. Kg1 Be5 33. Rf2 Qh2+ 34. Kf1 Rf8 35. Rf3 Qh1+ 36. Ke2 Qxg2+ 37. Kd1 Bg3 38. Nxg3 hxg3 39. Bxd4 Qxh3 40. Be5 Qh5 41. Qe2 Ne3+ 42. Rxe3 Qf5 43. Qd3 Qg4+ 44. Qe2 Qf5 45. d3 b5 46. Bxg3 bxc4 47. bxc4 Kd7 48. Qb2 Qc5 49. Qb7+ Kd8 50. Re5 Qd6 51. Rd5 1-0

[Event "Barcelona IM Norm 2nd"]
[Site "Barcelona"]
[Date "2019.05.25"]
[Round "7.4"]
[White "Juan Bartroli, Marc"]
[Black "Bielecki, Pawel"]
[Result "0-1"]
[WhiteElo "2078"]
[BlackElo "2069"]
[PlyCount "150"]
[EventDate "2019.04.06"]
[EventType "tourn"]
[EventRounds "9"]
[EventCountry "ESP"]
[SourceTitle "EXT 2024"]
[Source "ChessBase"]
[SourceDate "2023.10.10"]
[SourceVersion "1"]
[SourceVersionDate "2023.10.10"]
[SourceQuality "1"]

1. d4 Nf6 2. c4 c5 3. d5 b5 4. Qc2 bxc4 5. e4 d6 6. Bxc4 g6 7. Nc3 Bg7 8. Nf3 Nbd7 9. 0-0 0-0 10. h3 Rb8 11. Rb1 Nh5 12. Bg5 h6 13. Be3 Qa5 14. Rfc1 Kh7 15. Nd2 Ne5 16. Be2 Ba6 17. f4 Bxe2 18. Nxe2 Qa6 19. fxe5 Qxe2 20. Re1 Qa6 21. Qc4 Qc8 22. Nf3 Rb4 23. Qc2 Bh8 24. a3 Rb7 25. Rec1 Qb8 26. Qd2 g5 27. g4 Nf4 28. Bxf4 gxf4 29. Qxf4 Rxb2 30. Rxb2 Qxb2 31. Rf1 Bxe5 32. Qf5+ Kg7 33. Nxe5 Qd4+ 34. Kg2 Qxe5 35. Qxe5+ dxe5 36. Rc1 Rc8 37. Rc4 Kg6 38. Kg3 f6 39. Kh4 Rc7 40. a4 a5 41. Kg3 Kg5 42. h4+ Kg6 43. Kf3 Rc8 44. Kg3 Kf7 45. Kf3 Ke8 46. Kg3 Kd7 47. Kf3 Kd6 48. Rc1 Rb8 49. g5 hxg5 50. hxg5 fxg5 51. Rh1 c4 52. Rh6+ Kc5 53. Re6 Kd4 54. Rxe7 g4+ 55. Kxg4 Kxe4 56. d6 Rg8+ 57. Kh3 Kd5 58. d7 Rd8 59. Kg4 Kd6 60. Re8 Rxd7 61. Kf5 Rf7+ 62. Ke4 Rf4+ 63. Ke3 c3 64. Rc8 Rxa4 65. Rxc3 Rh4 66. Rc8 a4 67. Kd3 Rd4+ 68. Kc3 Kd5 69. Rh8 Rf4 70. Ra8 Rf3+ 71. Kb4 a3 72. Rxa3 Rxa3 73. Kxa3 Kd4 74. Kb2 Ke3 75. Kc3 e4 0-1

[Event "Barcelona Christmas FM"]
[Site "Barcelona"]
[Date "2019.01.04"]
[Round "8.4"]
[White "Navarro Gutierrez, Andres Camilo"]
[Black "Juan Bartroli, Marc"]
[Result "1/2-1/2"]
[WhiteElo "1962"]
[BlackElo "2112"]
[PlyCount "118"]
[EventDate "2018.12.27"]
[EventType "swiss"]
[EventRounds "9"]
[EventCountry "ESP"]
[SourceTitle "EXT 2024"]
[Source "ChessBase"]
[SourceDate "2023.10.10"]
[SourceVersion "1"]
[SourceVersionDate "2023.10.10"]
[SourceQuality "1"]

1. c4 Nf6 2. Nc3 e6 3. g3 d5 4. cxd5 exd5 5. d4 c6 6. Bg2 Bd6 7. Nf3 Bf5 8. Nh4 Bg6 9. 0-0 0-0 10. Bg5 Nbd7 11. Nxg6 hxg6 12. f3 Qa5 13. Qd2 c5 14. Kh1 cxd4 15. Qxd4 Be5 16. Qd2 Rac8 17. Rac1 Nb6 18. f4 Nc4 19. Qe1 Bxc3 20. Qxc3 Qxc3 21. Rxc3 Ne4 22. Bxe4 dxe4 23. Rfc1 Nb6 24. Be7 Rxc3 25. Rxc3 Nd5 26. Bxf8 Nxc3 27. Bxg7 Nxe2 28. Bf6 Nc1 29. a3 Nd3 30. Kg1 Nc5 31. Kf2 Nd7 32. Bc3 f5 33. Ke3 Kf7 34. Kd4 Ke6 35. h3 Nf6 36. Kc5 Nd7+ 37. Kd4 Nf6 38. Be1 Kd6 39. a4 b6 40. Bb4+ Ke6 41. a5 Nd5 42. Be1 Kd6 43. axb6 axb6 44. Bd2 Nc7 45. g4 Ne6+ 46. Kc4 Kc6 47. gxf5 gxf5 48. h4 b5+ 49. Kb4 Ng7 50. Be3 Nh5 51. Ka5 Nf6 52. Bd4 Nh5 53. Be3 Nf6 54. Ka6 Nh5 55. Ka7 Kc7 56. Bd4 Kc6 57. Be3 Kc7 58. b3 Nf6 59. Bb6+ Kc6 1/2-1/2

[Event "Barcelona Christmas FM"]
[Site "Barcelona"]
[Date "2019.01.03"]
[Round "7.3"]
[White "Juan Bartroli, Marc"]
[Black "Garcia Playa, David"]
[Result "1-0"]
[WhiteElo "2112"]
[BlackElo "2053"]
[PlyCount "83"]
[EventDate "2018.12.27"]
[EventType "swiss"]
[EventRounds "9"]
[EventCountry "ESP"]
[SourceTitle "EXT 2024"]
[Source "ChessBase"]
[SourceDate "2023.10.10"]
[SourceVersion "1"]
[SourceVersionDate "2023.10.10"]
[SourceQuality "1"]

1. d4 Nf6 2. c4 e6 3. Nc3 Bb4 4. Qc2 c5 5. dxc5 Nc6 6. Nf3 Bxc5 7. Bf4 0-0 8. e3 d5 9. Rd1 Qa5 10. a3 Ne4 11. Rc1 Nxc3 12. Qxc3 Qxc3+ 13. Rxc3 d4 14. exd4 Nxd4 15. b4 Nxf3+ 16. Rxf3 e5 17. Be3 Be7 18. Bc1 a5 19. b5 Bc5 20. Bb2 b6 21. Be2 f6 22. Rg3 Bb7 23. Bg4 f5 24. Bf3 Bxf3 25. gxf3 Rfe8 26. Rhg1 g6 27. h4 Kf7 28. h5 Re6 29. hxg6+ hxg6 30. Rh1 Bf8 31. Rh7+ Bg7 32. Kf1 f4 33. Rg5 Rh8 34. Rxg7+ Kxg7 35. Rxe5 Rh1+ 36. Kg2 Rb1 37. Rxe6+ Rxb2 38. Rxb6 Rc2 39. Rc6 Ra2 40. c5 Rxa3 41. Ra6 Rc3 42. c6 1-0

[Event "Barcelona Christmas FM"]
[Site "Barcelona"]
[Date "2018.12.31"]
[Round "5.4"]
[White "Juan Bartroli, Marc"]
[Black "Martin Barcelo, Carles"]
[Result "1/2-1/2"]
[WhiteElo "2112"]
[BlackElo "1985"]
[PlyCount "48"]
[EventDate "2018.12.27"]
[EventType "swiss"]
[EventRounds "9"]
[EventCountry "ESP"]
[SourceTitle "EXT 2024"]
[Source "ChessBase"]
[SourceDate "2023.10.10"]
[SourceVersion "1"]
[SourceVersionDate "2023.10.10"]
[SourceQuality "1"]

1. d4 Nf6 2. Nf3 g6 3. c4 Bg7 4. g3 0-0 5. Bg2 d6 6. Nc3 Nc6 7. 0-0 a6 8. Qd3 e5 9. d5 Nb4 10. Qd1 a5 11. e4 Bd7 12. Ne1 Ne8 13. a3 Na6 14. Nd3 Nc5 15. f4 f5 16. fxe5 Nxd3 17. Qxd3 Bxe5 18. Be3 Nf6 19. Bd4 Qe7 20. Rae1 Rae8 21. Qd2 Nxe4 22. Nxe4 fxe4 23. Rxf8+ Qxf8 24. Bxe5 Rxe5 1/2-1/2

[Event "Figueres op-B 18th"]
[Site "Figueres"]
[Date "2017.08.15"]
[Round "7"]
[White "Blanco Esquena, Ramon"]
[Black "Juan Bartroli, Marc"]
[Result "1/2-1/2"]
[WhiteElo "1679"]
[BlackElo "1834"]
[PlyCount "40"]
[EventDate "2017.08.10"]
[EventType "swiss"]
[EventRounds "9"]
[EventCountry "ESP"]
[SourceTitle "EXT 2019"]
[Source "ChessBase"]
[SourceDate "2018.10.10"]
[SourceVersion "1"]
[SourceVersionDate "2018.10.10"]
[SourceQuality "1"]

1. g3 d5 2. Nf3 Nf6 3. d3 c5 4. Nbd2 Nc6 5. Bg2 e5 6. e4 d4 7. 0-0 Be7 8. Nc4 Qc7 9. a4 h6 10. h3 Be6 11. b3 0-0-0 12. a5 g5 13. Qe1 g4 14. hxg4 Bxg4 15. Nh4 Rdg8 16. Nf5 Bf8 17. c3 Qd7 18. cxd4 cxd4 19. Bd2 Kb8 20. b4 a6 1/2-1/2

[Event "Montcada op-B 25th"]
[Site "Montcada"]
[Date "2017.07.03"]
[Round "9"]
[White "Juan Bartroli, Marc"]
[Black "Minguell Soler, Joan"]
[Result "1/2-1/2"]
[WhiteElo "1771"]
[BlackElo "2021"]
[PlyCount "128"]
[EventDate "2017.06.26"]
[EventType "swiss"]
[EventRounds "9"]
[EventCountry "ESP"]
[SourceTitle "EXT 2018"]
[Source "ChessBase"]
[SourceDate "2017.10.13"]
[SourceVersion "1"]
[SourceVersionDate "2017.10.13"]
[SourceQuality "1"]

1. d4 Nf6 2. c4 g6 3. Nc3 d5 4. Qa4+ c6 5. cxd5 Nxd5 6. e4 Nb6 7. Qd1 Bg7 8. Be3 0-0 9. Rc1 N8d7 10. Nf3 Nf6 11. Be2 Be6 12. b3 h6 13. Qd2 Kh7 14. 0-0 a5 15. Rfd1 a4 16. Qb2 axb3 17. axb3 Ng4 18. Bf4 Nf6 19. h3 Nfd7 20. Be3 f5 21. exf5 gxf5 22. Bf4 Nd5 23. Nxd5 Bxd5 24. Ne5 Nxe5 25. dxe5 Qa5 26. b4 Qd8 27. Bf3 e6 28. Bxd5 exd5 29. Qd4 Qh4 30. Ra1 Qh5 31. Qd2 Rfe8 32. Rxa8 Rxa8 33. Re1 Re8 34. Qe3 Re6 35. Qb6 Qf7 36. Qd4 Bf8 37. Re3 Qe7 38. Rb3 Qd7 39. Rg3 Rg6 40. Rxg6 Kxg6 41. Bd2 Qe7 42. Kh2 Kf7 43. Qf4 Ke6 44. Qd4 Qc7 45. f4 b6 46. g4 fxg4 47. hxg4 c5 48. f5+ Kf7 49. Qxd5+ Kg7 50. f6+ Kh7 51. bxc5 bxc5 52. Kh3 Qa7 53. e6 Qa3+ 54. Kh4 Qa1 55. Qf5+ Kh8 56. Qf3 Qe5 57. Qf4 Qxe6 58. g5 hxg5+ 59. Qxg5 Qe4+ 60. Bf4 Qh1+ 61. Kg4 Qg2+ 62. Kf5 Qh3+ 63. Qg4 Qxg4+ 64. Kxg4 Kg8 1/2-1/2

[Event "Sants Hostafrancs op-C 18th"]
[Site "Barcelona"]
[Date "2016.08.22"]
[Round "4"]
[White "Juan Bartroli, Marc"]
[Black "Monteagudo Aguilera, Maximo"]
[Result "0-1"]
[WhiteElo "1570"]
[BlackElo "1759"]
[PlyCount "108"]
[EventDate "2016.08.19"]
[EventType "swiss"]
[EventRounds "10"]
[EventCountry "ESP"]
[SourceTitle "EXT 2019"]
[Source "ChessBase"]
[SourceDate "2018.10.10"]
[SourceVersion "1"]
[SourceVersionDate "2018.10.10"]
[SourceQuality "1"]

1. b3 d5 2. e3 c5 3. Bb2 Nc6 4. Bb5 Bd7 5. Nf3 e6 6. Bxc6 Bxc6 7. 0-0 Nf6 8. Ne5 Be7 9. d3 0-0 10. Nd2 Qc7 11. f4 Rad8 12. Qe1 Ne8 13. Ndf3 f6 14. Nxc6 Qxc6 15. Rd1 Rf7 16. e4 b5 17. e5 f5 18. a4 Nc7 19. Qa5 a6 20. Ra1 Ra8 21. axb5 axb5 22. Qd2 Rff8 23. Kh1 h6 24. c3 Rxa1 25. Rxa1 Ra8 26. Qc1 Rxa1 27. Qxa1 Qa6 28. Qxa6 Nxa6 29. Ba3 Kf7 30. Kg1 b4 31. Bb2 bxc3 32. Bxc3 Bd8 33. Kf1 Ke8 34. Ke2 Kd7 35. Kd2 Kc6 36. Kc2 Kb5 37. Bd2 Bb6 38. h3 Nc7 39. g4 d4 40. gxf5 exf5 41. Nh4 g5 42. fxg5 hxg5 43. Bxg5 Ne6 44. Bf6 f4 45. Nf3 Bd8 46. Bxd8 Nxd8 47. h4 Kc6 48. Ng5 Kd5 49. Kd2 Kxe5 50. Ke2 Kf5 51. Kf3 Nc6 52. Nf7 Nb4 53. Ke2 Kg4 54. Kf2 Kxh4 0-1